Statistics for Southeast Asia - Map Quiz

Click here to take the quiz!

General Stats

  • This quiz has been taken 2,742 times
    (2,669 since last reset)
  • The average score is 9 of 11

Answers on the Map

Answers color-coded by a green-red scale on the quiz's map according to % correct below.
 

Answer Stats

Answer% Correct
Philippines
85%
Indonesia
83%
Vietnam
83%
Laos
81%
Cambodia
80%
East Timor
80%
Malaysia
80%
Singapore
80%
Thailand
79%
Myanmar
75%
Brunei
74%

Score Distribution

Percentile by Number Answered

Percent of People with Each Score

Your Score History

You have not taken this quiz since the last reset